Farmers’ Markets as a Business Model Encouraging Sustainable Production and Consumption

Význam alternatívnych potravinových sietí, najmä trhov poľnohospodárov, pre trvalo udržateľný rozvoj vidieka prostredníctvom príkladu Bulharska. Kontext podpory miestnych potravinových a krátkych dodávateľských reťazcov, ktoré sa predpokladajú v rámci národného programu rozvoja vidieka na obdobie 20...

Descrizione completa

Salvato in:
Dettagli Bibliografici
Autore principale: Arabska, Ekaterina
Natura: Capitolo di libro
Lingua:inglese
Soggetti:
Tags: Aggiungi Tag
Nessun Tag, puoi essere il primo ad aggiungerne!!

MARC

LEADER 00000naa a2200000 4500
001 0258689
005 20191003085141.3
041 0 |a eng 
044 |a SK 
245 1 0 |a Farmers’ Markets as a Business Model Encouraging Sustainable Production and Consumption  |c Ekaterina Arabska 
520 |a Význam alternatívnych potravinových sietí, najmä trhov poľnohospodárov, pre trvalo udržateľný rozvoj vidieka prostredníctvom príkladu Bulharska. Kontext podpory miestnych potravinových a krátkych dodávateľských reťazcov, ktoré sa predpokladajú v rámci národného programu rozvoja vidieka na obdobie 2014 - 2020. Nový typ vzťahov medzi výrobcami a spotrebiteľmi poľnohospodárskych výrobkov. 
610 2 0 |a trh poľnohospodársky 
610 2 0 |a rozvoj trvalo udržateľný 
610 2 0 |a siete obchodné 
610 2 0 |a reťazce dodávateľsko-odberateľské 
610 2 0 |a Bulharsko 
610 2 0 |a vidiek 
610 2 0 |a spotrebitelia 
100 1 |a Arabska, Ekaterina